01359nam a2200325 a 4500001001000000003000500010005001700015008004100032010001100073011001100084040000900095090001000104100004100114245016300155260004100318500006000359502013000419590004100549590004000590590004000630650005400670650003100724650005200755856007000807901000700877942001000884942000600894999001900900952011400919000116098CHAP20220329144601.0190909s2019 mx | |sm |||||||spa d a112559 a113531 cCHAP aTesis1 aHernández Toscano, Jesdel.912865210aBalance neto de las emisiones del dióxido de carbono en la agroindustria de la caña de azúcar en Méxicoh[En línea]cpor Jesdel Hernández Toscano. aChapingo, Méx. :bEl autor,c2019. aPara ver el contenido del material haga clic en la liga aTesis (M.C. en Economía Agrícola y de Los Recursos naturales) -- UACH. División de Ciencias Económico-Administrativas aE11695DGDb10c20190910lUCH01h1512 aE6337LMJb05c20190909lUCH01h1208 aE6337LMJb05c20190909lUCH01h120814aCaña de azúcarxSecuestro de carbono.913682414aEfecto invernadero.93574314aIndustria azucareraxImpacto ambiental.9134505 aFinding aiduhttp://10.13.5.2/tesis/sist116098.pdfzTeclea aquí aBK cTESIS n0 c112559d112559 00102local40718TESISaBCbBCd2019-09-09fTESISl0oTesisp116110-10r2019-12-31 00:00:00w2019-09-09yCD